000 00493nam a2200181Ia 4500
001 8290
005 20260306160558.0
008 260306t2015||||xx |||||||||||||| ||spa||
041 _aESP
082 _a370.1523
_bO74
100 _aOrtiz Ocaña, Alexander
_eAUT
245 0 _aNeuroeducación:
_b¿cómo aprende el cerebro humano y cómo deberían enseñar los docentes?
260 _c2015
300 _a235 páginas :
_c24 cm.
650 _aGEN
654 _aCED
942 _cLIB
_dJUS
_fJUS
_2ddc
_n
999 _c8290
_d8290